Statistics for Countries With Most Chances Of Disasters

Click here to take the quiz!

General Stats

  • This quiz has been taken 36 times
  • The average score is 4 of 15

Answer Stats

Answer% Correct
Philippines
78%
Bangladesh
44%
Brunei
28%
Solomon Islands
28%
Tonga
28%
Vanuatu
25%
Cambodia
19%
El Salvador
19%
Guatemala
19%
Nicaragua
19%
Papua New Guinea
19%
Costa Rica
16%
Timor-Leste
6%
Guinea-Bissau
3%
Mauritius
3%

Score Distribution

Percentile by Number Answered

Percent of People with Each Score

Your Score History

You have not taken this quiz